Länder die auf "an" enden - Statistiken

Allgemein
  • Dieses Quiz wurde 407 mal gespielt
  • Das Durchschnittsergebnis liegt bei 12 aus 15
Antwortstatistiken
Hint Antwort % Korrekt
Asien Pakistan
93%
Asien Afghanistan
92%
Asien Kasachstan
89%
Asien Turkmenistan
89%
Asien Tadschikistan
88%
Asien Usbekistan
87%
Asien Kirgisistan
84%
Asien Iran
83%
Asien Aserbaidschan
82%
Asien Japan
80%
Asien Oman
76%
Asien Bhutan
72%
Asien Taiwan
62%
Afrika Sudan
57%
Afrika Südsudan
54%
Keine übereinstimmenden Quizze gefunden
Verteilung der Resultate
Anzahl Personen mit jedem Resultat
Perzentil nach korrekt beantworteten Fragen
Ihre Resultats-Entwicklung
Sie haben dieses Quiz noch nicht gespielt